000 00543nam a2200169 i 4500
001 150832
003 ES-MaACL
005 20230906203723.0
007 t|
008 071114s1951 sp ||||1| spa d
100 1 _aGallego Díaz, José.
_953559
245 1 4 _aLos espacios de Riemann y la economía matemática /
_cpor José Gallego Díaz.
260 _a[Madrid :
_bs.n.,
_c1951]
300 _a6 h. ;
_c24 cm.
500 _aEs separata de la revista: "De Economía", vol. 4, fasc. 3, p. 130-140.
852 _aES-MaACL
_j1928-F-25
_bR.31595
999 _c150832
_d150832